书目信息 |
| 题名: |
大学英语跨文化交际教程
|
|
| 作者: | 杨晓萍 , 陶岳炼 主编 | |
| 分册: | ||
| 出版信息: | 北京 高等教育出版社 2012 |
|
| 页数: | 128页 | |
| 开本: | 25cm | |
| 丛书名: | ||
| 单 册: | ||
| 中图分类: | H319.39 , G115 | |
| 科图分类: | ||
| 主题词: | 英语--高等学校--教材 , 文化交流--高等学校--教材 | |
| 电子资源: | ||
| ISBN: | 978-7-04-034479-0 | |
| 000 | 01197nam0 2200289 450 | |
| 001 | 0102372065 | |
| 005 | 20120824142531.0 | |
| 010 | @a978-7-04-034479-0@dCNY25.00 | |
| 100 | @a20120528d2012 em y0chiy0120 ea | |
| 101 | 0 | @achi@aeng |
| 102 | @aCN@b110000 | |
| 105 | @aa z 000yy | |
| 106 | @ar | |
| 200 | 1 | @a大学英语跨文化交际教程@9Da;Dai Xue Ying Yu Kua Wen Hua Jiao Ji Jiao Cheng @f杨晓萍,陶岳炼主编@g《大学英语选修课/学科课程系列教材》项目组编@b专著@dA coursebook of cross-cultural communication@zeng |
| 210 | @a北京@c高等教育出版社@d2012 | |
| 215 | @a128页@c图@d25cm | |
| 300 | @a大学英语选修课/学科课程系列教材 | |
| 330 | @a本书共分四部分,十个单元。第一部分介绍东西文化差异的根源和不同国家不一表性格特征和价值体系;第二、三部分介绍东西文化差异的具体表现;第四部分在全书中起总结作用,介绍文化冲突及对待文化冲突的正确态度。 | |
| 510 | 1 | @aCoursebook of cross-cultural communication@zeng |
| 606 | 0 | @a英语@x高等学校@j教材 |
| 606 | 0 | @a文化交流@x高等学校@j教材 |
| 690 | @aH319.39@v5 | |
| 690 | @aG115@v5 | |
| 701 | 0 | @a杨晓萍@4主编@9yang xiao ping |
| 701 | 0 | @a陶岳炼@f(1963~)@4主编@9tao yue lian |
| 801 | 0 | @aCN@bAZmarc@c20230903 |
| 905 | @aBZT@dH319@e106@f2@sH319/106 | |
| 大学英语跨文化交际教程/杨晓萍,陶岳炼主编/《大学英语选修课/学科课程系列教材》项目组编=A coursebook of cross-cultural communication.-北京:高等教育出版社,2012 |
| 128页:图;25cm |
| 大学英语选修课/学科课程系列教材 |
| ISBN 978-7-04-034479-0:CNY25.00 |
| 本书共分四部分,十个单元。第一部分介绍东西文化差异的根源和不同国家不一表性格特征和价值体系;第二、三部分介绍东西文化差异的具体表现;第四部分在全书中起总结作用,介绍文化冲突及对待文化冲突的正确态度。 |
| ● |
| 相关链接 |
|
|
|
正题名:大学英语跨文化交际教程
索取号:H319/106
 
预约/预借
| 序号 | 登录号 | 条形码 | 馆藏地/架位号 | 状态 | 备注 |
| 1 | 2000009181 | 2000009181 | 旧书回溯/ [索取号:H319/106] | 在馆 | |
| 2 | 2000009559 | 2000009559 | 旧书回溯/ [索取号:H319/106] | 在馆 |